Statistics for Cartoon Character Catchphrases

Click here to take the quiz!

General Stats

  • This quiz has been taken 26 times
  • The average score is 5 of 15

Answer Stats

HintAnswer% Correct
I'm ready! I'm ready!Spongebob
79%
Ay caramba!Bart Simpson
54%
Woah mama!Johnny Bravo
54%
I know what we're gonna do today!Phineas
54%
Gotta blast!Jimmy Neutron
46%
Money, money, money...Mr. Krabs
46%
What the deuce?Stewie Griffin
42%
Bad twerp!Vicky
29%
No, no, no, no, NO, NO!Cleveland Brown
17%
Spunkyyyyyy!Rocko
17%
Jane!George Jetson
13%
Gene...Bob Belcher
4%
Sheila...Heffer
0%
Bawwby!Linda Belcher
0%
Yuss!Soos
0%

Score Distribution

Percentile by Number Answered

Percent of People with Each Score

Your Score History

You have not taken this quiz